| 000 | 00452nam a2200181Ia 4500 | ||
|---|---|---|---|
| 001 | 1971 | ||
| 005 | 20260306143808.0 | ||
| 008 | 260306t2024||||xx |||||||||||||| ||spa|| | ||
| 041 | _aESP | ||
| 082 |
_a158.7 _bP85 ej. 2 |
||
| 100 |
_aPress, Eduardo _eAUT |
||
| 245 | 0 |
_aPsicologĂa organizacional siglo XXI: _bampliar la mirada, organizar las ideas |
|
| 260 | _c2024 | ||
| 300 |
_a _c |
||
| 650 | _aGEN | ||
| 654 | _aCPS | ||
| 942 |
_cLIB _dJUS _fJUS _2ddc _n |
||
| 999 |
_c1971 _d1971 |
||